000 00646nam a2200229Ia 4500
003 OSt
005 20220926015024.0
006 a|||||r|||| 00| 0
007 ta
008 220923b |||||||| |||| 00| 0 eng d
037 _cGeneral Book
040 _aRTL
_cRTL
_beng
041 _2eng
_aeng
082 _aY:425.73.N7, L7
100 _aBryant Clifton D Ed.
_9254802
245 0 _aSocial deviancy in social context
260 _aNew York
_bNew Points
_c1977
300 _ax,291p
_ccm.
500 _aBibliography chapterwise
942 _hY:425.73.N7, L7
_cGB
_2CC
999 _c630397
_d630397